Statistiques concernant Devinez les différentes créatures

Cliquez ici pour prendre le quiz!

Statistiques générales

  • Ce quiz a été pris 159 fois
  • Le résultat moyen est 14 sur 23

Statistiques - réponses

HintRéponse% Correct
Recouvert de poils, ils se transforment
a la pleine lune
Loup-Garou
100%
Créature marine mi femme, mi poisson dont le chant
serait envoutant
Sirène
99%
Connu pour sucer le sang des humains
grâce a leurs grandes dents
Vampire
99%
Capable de voler, généralement cracheur de feu,
gigantesque reptile
Dragon
97%
Ressemble a un cheval mais possède une corne
sur le front
Licorne
96%
Abominable homme des neiges associé au folklore
du Népal, du Tibet, de l'Inde et du Bhoutan
Yéti
91%
Géant ne possédant qu'un seul oeilCyclope
90%
Cadavre animé, privé de conscience, dont il faut mieux
éviter la morsure pour ne pas finir comme lui, se déplace
génèralement plutôt lentement
Zombie
87%
Possédant le corps d'un homme, la tête d'un taureau,
enfermé dans un labyrinthe
Minotaure
86%
Chien a trois têtes, gardant l'entrée des enfersCerbère
82%
Vision ou apparition d'une personne décédéeFantome
80%
Féminin pour la plupart, d'une grande beauté,
pouvant voler ou encore lancer des sorts
Fée
58%
Ayant la capacité de modifier son apparence physique,
nom d'un pokémon
Métamorphe
52%
Possédant une tête d'aigle et un corps de lionGriffon
51%
Dont le regard a le pouvoir de pétrifié ceux qui la
regarde
Gorgone
49%
Issu du folklore Irlandais, souvent de petite taille,
vêtu de rouge ou de vert, attaché a l'or
Leprechaun
39%
Entre autre dans la mythologie juive, être artificiel,
généralement humanoïde, fait d'argile
Golem
38%
Trouvant ses originnes dans la culture arabique
préislamique, peuvent prendre diverses formes
et controler psychiquement un être humain
Djinn
37%
Mythologie nordique, loup gigantesque, fils d'un dieuFenrir
34%
Esprits malfaisant ou malicieux associé au folklore
Japonais
Yokai
32%
Ce serait transformé après avoir consommé de la
chair humaine, vivrait au fond des forêts
Wendigo
16%
Fils de Gaïa et du Tartare ( ou de Héra ) considéré comme
le Titan des vents forts et des tempêtes
Typhon
12%
Selon le Ragnarok il provoquera des raz de marées, en
surgissant des mers pour combattre les dieux, d'une taille
gigantesque
Jormungand
11%

Distribution des résultats

Percentile par nombre de réponses

% des personnes avec chaque résultat

Votre développement - résultats

Vous n’avez pas pris ce quiz